LEADER 01225nam0 22002771i 450 001 UON00231275 005 20231205103503.157 100 $a20030730d1969 |0itac50 ba 101 $afre 102 $aFR 105 $a|||| ||||| 200 1 $a Eléments de bibliographie de l'histoire des sciences et des techniques$fFrançois Russo 205 $aDeuxième édition refondue et augmentée$bornée de 12 illustrations 210 $aParis$cHermann$d1969 215 $aXV, 214 p.$cill.$d24 cm. 606 $aSCIENZE APPLICATE$xStoria$xBibliografia$3UONC051030$2FI 620 $aFR$dParis$3UONL002984 676 $a016.509$cBibliografie e cataloghi di discipline e soggetti specifici. Storia e geografia delle scienze pure$v20 700 1$aRusso$bFrançois$3UONV140197$0382432 712 $aHermann$3UONV246956$4650 801 $aIT$bSOL$c20250328$gRICA 899 $aSIBA - SISTEMA BIBLIOTECARIO DI ATENEO$2UONSI 912 $aUON00231275 950 $aSIBA - SISTEMA BIBLIOTECARIO DI ATENEO$dSI CONS. FP II BIBL. 0029 $eSI LO 17075 7 0029 996 $aEléments de bibliographie de l'histoire des sciences et des techniques$9186399 997 $aUNIOR